00813 a2200181 4500003000500000005001700005040000900022082001300031100002900044245004300073260002600116300001400142505029400156650002900450942001200479999001900491952012100510Nust20221221110310.0 cNust a180, LIV aR.W Livingstone 9105482 aThe Mission of GreececR.W.Livingstone alondonboxford c1928 axi,302p.; aIntroduction (Page-1), Epicurus (Page-13), The Cynics (Page-28), The Stoics Epictetus (Page-38), Marcus Aurelis (Page-75), A Philosophic Missionary Dion Chrysostom (Page-103), Plutarch (Page-139), A Prince of Neurotics Aralias Aristides (Page-239), Lucian (Page-263), Epilogue (Page-300).  agreek literature9105483 2ddccBK c193867d193867 00102ddc4070aMCSbMCScGENd2016-12-12o180,LIVpMCS29140r2016-12-08w2016-12-12yBKzAlmirah No.46, Shelf No.5